LIBRARY & INFORMATION CENTRE, KCAET, TAVANUR

ONLINE PUBLIC ACCESS CATALOGUE (OPAC)

Recharge and discharge studies in laterite soils (Record no. 15197)

MARC details
000 -LEADER
fixed length control field 00603nam a22001937a 4500
003 - CONTROL NUMBER IDENTIFIER
control field OSt
088 ## - REPORT NUMBER
Report number P 150
100 ## - MAIN ENTRY--AUTHOR NAME
Personal name KAVITHA M. N
245 ## - TITLE STATEMENT
Title Recharge and discharge studies in laterite soils
260 ## - PUBLICATION, DISTRIBUTION, ETC. (IMPRINT)
Place of publication Tavanur 2005
Name of publisher Kelappaji College of Agricultural Engineering and Technology
300 ## - PHYSICAL DESCRIPTION
Number of Pages 72
500 ## - GENERAL NOTE
General note Recharge and discharge studies in laterite soils
520 ## - SUMMARY, ETC.
Summary, etc Recharge and discharge studies in laterite soils
700 ## - ADDED ENTRY--PERSONAL NAME
Personal name Sanfred Joseph Luiz
700 ## - ADDED ENTRY--PERSONAL NAME
Personal name Sini K
700 ## - ADDED ENTRY--PERSONAL NAME
Personal name Er. K. K Sathian (Guide)
942 ## - ADDED ENTRY ELEMENTS (KOHA)
Koha item type Project Report
Holdings
Collection code Home library Current library Shelving location Full call number Accession Number Koha item type
Reference KAUAET KAUAET Reference 631.75807 KAV/RE P 150 Project Report
free website counter